000 00973nam a2200229Ia 4500
003 Ost
005 20260507075526.0
008 260507s9999||||xx |||||||||||||| ||und||
040 _cfsecg
041 _aara
082 _a658.401.2
100 _aقشار، محمد
_eمؤلف
245 0 _aالتخطيط الاستراتيجي بين دافعية الانجار والاتجاهات النفسية /
_c محمد قشار
260 _aعمان:
_bدار الايام للنشر والتوزيع,
_c[دون تاريخ]
300 _a376 صفحة؛
_bإيضاحات ؛
_c24 سم
504 _aببليوغرافيا:ص.367
520 _aالاتجاهات النفسية -الدافع الإنجاز -نموذج التسيير الاستراتيجي -منهج الدراسة وإجراءاتها -عرض وتحليل النتائج. .
653 _aإدارة الاعمال
653 _aالاستراتيجية
653 _aالتخطيط
942 _cكتاب
999 _c44800
_d44800